<?xml version="1.0" encoding="UTF-8"?>
<record
    xmlns:xsi="http://www.w3.org/2001/XMLSchema-instance"
    xsi:schemaLocation="http://www.loc.gov/MARC21/slim http://www.loc.gov/standards/marcxml/schema/MARC21slim.xsd"
    xmlns="http://www.loc.gov/MARC21/slim">

  <leader>03375cam a2200385 a 4500</leader>
  <controlfield tag="001">17692449</controlfield>
  <controlfield tag="003">OSt</controlfield>
  <controlfield tag="005">20161127092359.0</controlfield>
  <controlfield tag="008">130410s2012    enk      b    001 0 eng d</controlfield>
  <datafield tag="010" ind1=" " ind2=" ">
    <subfield code="a">  2012454744</subfield>
  </datafield>
  <datafield tag="015" ind1=" " ind2=" ">
    <subfield code="a">GBB1D1881</subfield>
    <subfield code="2">bnb</subfield>
  </datafield>
  <datafield tag="016" ind1="7" ind2=" ">
    <subfield code="a">015969820</subfield>
    <subfield code="2">Uk</subfield>
  </datafield>
  <datafield tag="020" ind1=" " ind2=" ">
    <subfield code="a">9781444145366 </subfield>
  </datafield>
  <datafield tag="020" ind1=" " ind2=" ">
    <subfield code="a">1444145363 (pbk.)</subfield>
  </datafield>
  <datafield tag="035" ind1=" " ind2=" ">
    <subfield code="a">(OCoLC)ocn761380973</subfield>
  </datafield>
  <datafield tag="040" ind1=" " ind2=" ">
    <subfield code="a">UKMGB</subfield>
    <subfield code="b">eng</subfield>
    <subfield code="c">UKMGB</subfield>
    <subfield code="d">YDXCP</subfield>
    <subfield code="d">BWK</subfield>
    <subfield code="d">CLU</subfield>
    <subfield code="d">TXH</subfield>
    <subfield code="d">BWX</subfield>
    <subfield code="d">NOW</subfield>
    <subfield code="d">MYG</subfield>
    <subfield code="d">A7U</subfield>
    <subfield code="d">OCLCO</subfield>
    <subfield code="d">OCLCQ</subfield>
    <subfield code="d">DLC</subfield>
  </datafield>
  <datafield tag="042" ind1=" " ind2=" ">
    <subfield code="a">lccopycat</subfield>
  </datafield>
  <datafield tag="050" ind1="0" ind2="0">
    <subfield code="a">P126</subfield>
    <subfield code="b">.W73 2012</subfield>
  </datafield>
  <datafield tag="082" ind1="0" ind2="4">
    <subfield code="a">410.72</subfield>
    <subfield code="2">23</subfield>
    <subfield code="b">WAP</subfield>
  </datafield>
  <datafield tag="100" ind1="1" ind2=" ">
    <subfield code="a">Wray, Alison.</subfield>
    <subfield code="9">56775</subfield>
  </datafield>
  <datafield tag="245" ind1="1" ind2="0">
    <subfield code="a">Projects in linguistics and language studies :</subfield>
    <subfield code="b">a practical guide to researching language /</subfield>
    <subfield code="c">Alison Wray and Aileen Bloomer.</subfield>
  </datafield>
  <datafield tag="250" ind1=" " ind2=" ">
    <subfield code="a">3rd ed.</subfield>
  </datafield>
  <datafield tag="260" ind1=" " ind2=" ">
    <subfield code="a">London :</subfield>
    <subfield code="b">Hodder Education,</subfield>
    <subfield code="c">2012.</subfield>
  </datafield>
  <datafield tag="300" ind1=" " ind2=" ">
    <subfield code="a">x, 315 p. ;</subfield>
    <subfield code="c">25 cm.</subfield>
  </datafield>
  <datafield tag="500" ind1=" " ind2=" ">
    <subfield code="a">Previous ed.: published as Projects in linguistics. 2006.</subfield>
  </datafield>
  <datafield tag="504" ind1=" " ind2=" ">
    <subfield code="a">Includes bibliographical references (p. [277]-299) and index.</subfield>
  </datafield>
  <datafield tag="505" ind1="0" ind2=" ">
    <subfield code="a">Introduction: starting on the right foot -- Psycholinguistics -- First-language acquisition and development -- Second-language acquisition -- Structure and meaning -- Style in spoken and written texts -- Sociolinguistics -- Language and gender -- Accents and dialects of English -- History of English -- Computer-mediated communication -- Audio- and video-recorded data -- Experiments -- Questionnaires, interviews, and focus groups -- Observation and case studies -- Ethical considerations in research projects -- Transcribing speech phonetically and phonemically -- Transcribing speech orthographically -- Using computers to study texts -- Statistics and your project -- How to reference -- Plagiarism and how to avoid it -- Handy hints on writing good academic English -- Hints on giving a good oral presentation.</subfield>
  </datafield>
  <datafield tag="520" ind1=" " ind2=" ">
    <subfield code="a">Projects in Linguistics and Language Studies, Third Edition, is your essential guide when embarking on a research project in linguistics or English language. This third edition is clearly divided into the subject areas that most appeal to you as a student: psycholinguistics; first- and second-language acquisition; structure and meaning; sociolinguistics; language and gender; accents and dialects; and the history of English. New to this edition is a chapter on computer-mediated communication (CMC), to help you get to grips with how the latest technology can make your project even more of a success. This third edition of Projects in Linguistics and Language Studies offers you practical advice on: Identifying a topic ; Making your background reading even more effective -planning and designing a project ; Collecting and analysing data ; Writing up and presenting your findings. With over 320 project ideas that you can use directly or adapt to suit different contexts and interests, and with chapters on how to reference effectively and how to avoid plagiarism, this third edition of Projects in Linguistics and Language Studies is a reference guide that you will use again and again during your studies.</subfield>
  </datafield>
  <datafield tag="650" ind1=" " ind2="0">
    <subfield code="a">Linguistics</subfield>
    <subfield code="x">Research</subfield>
    <subfield code="x">Methodology.</subfield>
    <subfield code="9">56776</subfield>
  </datafield>
  <datafield tag="700" ind1="1" ind2=" ">
    <subfield code="a">Bloomer, Aileen,</subfield>
    <subfield code="d">1947-</subfield>
    <subfield code="9">56777</subfield>
  </datafield>
  <datafield tag="700" ind1="1" ind2=" ">
    <subfield code="a">Wray, Alison.</subfield>
    <subfield code="t">Projects in linguistics.</subfield>
    <subfield code="9">56778</subfield>
  </datafield>
  <datafield tag="906" ind1=" " ind2=" ">
    <subfield code="a">7</subfield>
    <subfield code="b">cbc</subfield>
    <subfield code="c">copycat</subfield>
    <subfield code="d">2</subfield>
    <subfield code="e">ncip</subfield>
    <subfield code="f">20</subfield>
    <subfield code="g">y-gencatlg</subfield>
  </datafield>
  <datafield tag="942" ind1=" " ind2=" ">
    <subfield code="2">ddc</subfield>
    <subfield code="c">BOOK</subfield>
  </datafield>
  <datafield tag="999" ind1=" " ind2=" ">
    <subfield code="c">39835</subfield>
    <subfield code="d">274335</subfield>
  </datafield>
  <datafield tag="952" ind1=" " ind2=" ">
    <subfield code="1">0</subfield>
    <subfield code="2">2016-12-15</subfield>
    <subfield code="4">0</subfield>
    <subfield code="7">0</subfield>
    <subfield code="a">410.72 WAP</subfield>
    <subfield code="d">2016-12-15</subfield>
    <subfield code="h">SRF</subfield>
    <subfield code="i">00655124</subfield>
    <subfield code="m">SRF</subfield>
    <subfield code="r">2016-12-15 00:00:00</subfield>
    <subfield code="t">BOOK</subfield>
    <subfield code="w">ddc</subfield>
    <subfield code="y">0</subfield>
  </datafield>
  <datafield tag="952" ind1=" " ind2=" ">
    <subfield code="1">0</subfield>
    <subfield code="2">2016-12-15</subfield>
    <subfield code="4">0</subfield>
    <subfield code="7">0</subfield>
    <subfield code="a">410.72 WAP</subfield>
    <subfield code="d">2016-12-15</subfield>
    <subfield code="h">CL</subfield>
    <subfield code="i">00655125</subfield>
    <subfield code="m">CL</subfield>
    <subfield code="r">2016-12-15 00:00:00</subfield>
    <subfield code="t">BOOK</subfield>
    <subfield code="w">ddc</subfield>
    <subfield code="y">0</subfield>
  </datafield>
  <datafield tag="952" ind1=" " ind2=" ">
    <subfield code="1">0</subfield>
    <subfield code="2">2016-12-15</subfield>
    <subfield code="4">0</subfield>
    <subfield code="7">0</subfield>
    <subfield code="a">410.72 WAP</subfield>
    <subfield code="d">2016-12-15</subfield>
    <subfield code="h">CL</subfield>
    <subfield code="i">00655126</subfield>
    <subfield code="m">CL</subfield>
    <subfield code="r">2016-12-15 00:00:00</subfield>
    <subfield code="t">BOOK</subfield>
    <subfield code="w">ddc</subfield>
    <subfield code="y">0</subfield>
  </datafield>
  <datafield tag="952" ind1=" " ind2=" ">
    <subfield code="1">0</subfield>
    <subfield code="2">2016-12-20</subfield>
    <subfield code="4">0</subfield>
    <subfield code="7">0</subfield>
    <subfield code="a">410.72 WAP</subfield>
    <subfield code="d">2016-12-20</subfield>
    <subfield code="h">SZM</subfield>
    <subfield code="i">00655748</subfield>
    <subfield code="m">SZM</subfield>
    <subfield code="r">2016-12-20 00:00:00</subfield>
    <subfield code="t">BOOK</subfield>
    <subfield code="w">ddc</subfield>
    <subfield code="y">0</subfield>
  </datafield>
  <datafield tag="952" ind1=" " ind2=" ">
    <subfield code="1">0</subfield>
    <subfield code="2">2016-12-20</subfield>
    <subfield code="4">0</subfield>
    <subfield code="7">0</subfield>
    <subfield code="a">410.72 WAP</subfield>
    <subfield code="d">2016-12-20</subfield>
    <subfield code="h">SZM</subfield>
    <subfield code="i">00655749</subfield>
    <subfield code="m">SZM</subfield>
    <subfield code="r">2016-12-20 00:00:00</subfield>
    <subfield code="t">BOOK</subfield>
    <subfield code="w">ddc</subfield>
    <subfield code="y">0</subfield>
  </datafield>
</record>
